00923nam a22002177a 4500999001700000003000900017008004100026040007100067082002600138100003100164245009600195260001800291300002600309440002700335505014800362650003600510650001500546942001600561945002200577952010600599  c15461d15461AR-CdUCM190427b           ||||| |||| 00| 0 spa d  aMUNICIPALIDAD PROVINCIAL DEL CUSCOcBIBLIOTECA MUNICIPAL DEL CUSCO  a985.009 /bL52 / 1935  aaLeguía, Jorge Guillermo  aManuel Lorenzo de Vidaurre :bContribución a un ensayo de interpretación sicológica /  aLima :c1935.  a231 paginas ;c21 cm.  aObras completas934541  aContenido :Juventud de Vidaurre --Videurre y los Vidaurres --El abogado --Fidelismo de Vidaurre --El reformista --Vidaurre y los Conjurados ...  aBiografías históricas96252  aPerú935  2ddccLIBROS  arjalld2019-04-27  002ddc4070aSCAbSCAcCARTd2019-04-27g50.00o985.009 / L52 / 1935pSCA0003484r2019-04-27yLIBROS